MARC details
| 000 -LEADER |
| fixed length control field |
02388cam a2200445 a 4500 |
| 001 - CONTROL NUMBER |
| control field |
454099 |
| 003 - CONTROL NUMBER IDENTIFIER |
| control field |
GBCCL |
| 005 - DATE AND TIME OF LATEST TRANSACTION |
| control field |
20241126110403.0 |
| 008 - FIXED-LENGTH DATA ELEMENTS--GENERAL INFORMATION |
| fixed length control field |
840314s1984 ilua b 000 0 eng |
| 010 ## - |
| -- |
84050150 |
| 020 ## - INTERNATIONAL STANDARD BOOK NUMBER |
| International Standard Book Number |
0802479022 |
| 020 ## - INTERNATIONAL STANDARD BOOK NUMBER |
| International Standard Book Number |
9780896933934 |
| Qualifying information |
(pbk.) |
| 029 1# - |
| -- |
AU@ |
| -- |
000003789693 |
| 035 ## - SYSTEM CONTROL NUMBER |
| System control number |
(OCoLC)ocm11479379 |
| 035 ## - SYSTEM CONTROL NUMBER |
| System control number |
(OCoLC)11479379 |
| 040 ## - CATALOGING SOURCE |
| Original cataloging agency |
DLC |
| Language of cataloging |
eng |
| Transcribing agency |
DLC |
| Modifying agency |
BAKER |
| -- |
CBC |
| -- |
BTCTA |
| -- |
YDXCP |
| -- |
AU@ |
| -- |
ZID |
| -- |
BDX |
| -- |
OCLCF |
| -- |
OCLCQ |
| -- |
LBB |
| 049 ## - |
| -- |
LBBA |
| 050 00 - |
| -- |
BV600.2 |
| -- |
.G44 1984 |
| 082 0# - DEWEY DECIMAL CLASSIFICATION NUMBER |
| Classification number |
262.0017 |
| Item number |
GET |
| 090 ## - LOCALLY ASSIGNED LC-TYPE CALL NUMBER (OCLC); LOCAL CALL NUMBER (RLIN) |
| Classification number (OCLC) (R) ; Classification number, CALL (RLIN) (NR) |
BV600.2 |
| Local cutter number (OCLC) ; Book number/undivided call number, CALL (RLIN) |
.G44 1984 |
| 100 1# - MAIN ENTRY--PERSONAL NAME |
| Personal name |
Getz, Gene A. |
| 9 (RLIN) |
3083 |
| 245 10 - TITLE STATEMENT |
| Title |
Sharpening the focus of the church / |
| Statement of responsibility, etc. |
Gene A. Getz. |
| 260 ## - PUBLICATION, DISTRIBUTION, ETC. |
| Place of publication, distribution, etc. |
Chicago : |
| Name of publisher, distributor, etc. |
Moody press, |
| Date of publication, distribution, etc. |
1979. |
| 300 ## - PHYSICAL DESCRIPTION |
| Extent |
320p. : |
| Dimensions |
21 cm. |
| 336 ## - CONTENT TYPE |
| Content type term |
text |
| Content type code |
txt |
| Source |
rdacontent |
| 337 ## - MEDIA TYPE |
| Media type term |
unmediated |
| Media type code |
n |
| Source |
rdamedia |
| 338 ## - CARRIER TYPE |
| Carrier type term |
volume |
| Carrier type code |
nc |
| Source |
rdacarrier |
| 490 1# - SERIES STATEMENT |
| Series statement |
Biblical renewal series |
| 504 ## - BIBLIOGRAPHY, ETC. NOTE |
| Bibliography, etc. note |
Includes bibliographical references. |
| 505 0# - FORMATTED CONTENTS NOTE |
| Formatted contents note |
Introduction : from theory to practice -- Church renewal in perspective -- A look through three lenses -- Why the church exists -- Making disciples -- Principles of new testament evangelism -- Building the church -- Vital new testament experiences -- Principles of new testament edification -- Leadership in the new testament church-phase one -- Leadership in the new testament church-phase 2 -- The functioning body -- Principles of new testament leadership -- Biblical examples of administration and organization -- Principles of biblical administration and organization -- Communication in the new testament -- Principles of new testament communication -- Institutionalism in history -- Reflections of institutionalism in the evangelical church -- Cultural implications for the twentieth-century church -- Developing proper perspective-step by step -- Formulating objectives, goals, and standards. |
| 520 ## - SUMMARY, ETC. |
| Summary, etc. |
A splendid analysis of true scriptural ministry of the church, using helpful charts and summaries. |
| 650 #0 - SUBJECT ADDED ENTRY--TOPICAL TERM |
| Topical term or geographic name entry element |
Church. |
| 9 (RLIN) |
263 |
| 650 #0 - SUBJECT ADDED ENTRY--TOPICAL TERM |
| Topical term or geographic name entry element |
Church renewal. |
| 9 (RLIN) |
963 |
| 650 #0 - SUBJECT ADDED ENTRY--TOPICAL TERM |
| Topical term or geographic name entry element |
Theology, Practical. |
| 9 (RLIN) |
3084 |
| 650 #7 - SUBJECT ADDED ENTRY--TOPICAL TERM |
| Topical term or geographic name entry element |
Church. |
| Source of heading or term |
fast |
| Authority record control number or standard number |
(OCoLC)fst00860364 |
| 9 (RLIN) |
263 |
| 650 #7 - SUBJECT ADDED ENTRY--TOPICAL TERM |
| Topical term or geographic name entry element |
Church renewal. |
| Source of heading or term |
fast |
| Authority record control number or standard number |
(OCoLC)fst00860921 |
| 9 (RLIN) |
963 |
| 650 #7 - SUBJECT ADDED ENTRY--TOPICAL TERM |
| Topical term or geographic name entry element |
Theology, Practical. |
| Source of heading or term |
fast |
| Authority record control number or standard number |
(OCoLC)fst01149637 |
| 9 (RLIN) |
3084 |
| 800 1# - |
| -- |
Getz, Gene A. |
| -- |
Biblical renewal series. |
| -- |
3085 |
| 942 ## - ADDED ENTRY ELEMENTS (KOHA) |
| Source of classification or shelving scheme |
Dewey Decimal Classification |
| Koha item type |
Books |
| Koha issues (borrowed), all copies |
7 |